Statystyki dla Z jakiego kraju? #6

Kliknij tutaj aby rozwiązać quiz!

Ogólne statystyki

  • Ten quiz został rozwiązany 389 razy
  • Średni wynik to 8 z 14

Statystyki odpowiedzi

Znana osobaKraj% Poprawnych
PSYKorea Poludniowa
90%
PeleBrazylia
86%
Adolf HilterAustria
84%
Margaret ThatcherWielka Brytania
84%
KleopatraEgipt
83%
Martin LutherNiemcy
74%
Bruce LeeStany Zjednoczone
69%
Mads MikkelsenDania
48%
Ingrid BergmanSzwecja
46%
Vanessa ParadisFrancja
34%
Jawaharlal NehruIndie
30%
BonoIrlandia
26%
Shania TwainKanada
25%
Ruhollah ChomejniIran
23%

Rozkład punktacji

Percentyl według liczby udzielonych odpowiedzi

Procent ludzi z każdym wynikiem

Twoja historia wyników

Nie rozwiązałeś tego quizu